Discursos que se pronunciaron en la sesion, aniversario cuarto, celebrada el 20 de mayo de 1849 / (Record no. 163062)

MARC details
000 -LEADER
campo de control de longitud fija 00891nam a2200181 i 4500
001 - NÚMERO DE CONTROL
campo de control 163062
003 - IDENTIFICADOR DE NÚMERO DE CONTROL
campo de control ES-MaACL
005 - FECHA Y HORA DE LA ÚLTIMA TRANSACCIÓN
campo de control 20230906212648.0
008 - DATOS DE LONGITUD FIJA--INFORMACIÓN GENERAL
campo de control de longitud fija 931025s1849 sp |||| | spa d
040 ## - FUENTE DE CATALOGACIÓN
Centro catalogador/agencia de origen PAB
Lengua de catalogación spa
Centro/agencia transcriptor PAB
110 0# - ENTRADA PRINCIPAL--NOMBRE DE ENTIDAD CORPORATIVA
Nombre de entidad corporativa o nombre de jurisdicción como elemento de entrada Academia Médico-Quirúrgica Matritense.
9 (RLIN) 1210
245 10 - MENCIÓN DEL TÍTULO
Título Discursos que se pronunciaron en la sesion, aniversario cuarto, celebrada el 20 de mayo de 1849 /
Mención de responsabilidad, etc. por ... Ciriaco María Ruiz Giménez y por ... Francisco Cortijo y Valdés.
260 ## - PUBLICACIÓN, DISTRIBUCIÓN, ETC.
Lugar de publicación, distribución, etc. Madrid :
Nombre del editor, distribuidor, etc. Academia Quirúrgica Matritense,
Fecha de publicación, distribución, etc. 1849 (
Fabricante Imp. de la Viuda de Sanchiz e hijos)
300 ## - DESCRIPCIÓN FÍSICA
Extensión 40 p. ;
Dimensiones 23 cm.
700 11 - ENTRADA AGREGADA--NOMBRE PERSONAL
Nombre de persona Ruiz Giménez, Ciriaco María.
9 (RLIN) 132174
700 21 - ENTRADA AGREGADA--NOMBRE PERSONAL
Nombre de persona Cortijo y Valdés, Francisco.
9 (RLIN) 126601
852 ## - LOCALIZACIÓN
Ubicación ES-MaACL
Número de control de estantería T-427-F-16
Nota libre -- Enc. hol., falto de la cub. original
-- -- An. ms.: ded. de Joaquín Berrueco a "Los escolares médicos"
-- -- Enc. en un vol. facticio
Holdings
Estatus retirado Estado de pérdida Estado de daño No para préstamo Colección Biblioteca de origen Biblioteca actual Ubicación en estantería Fecha de adquisición Total de préstamos Signatura topográfica completa Código de barras Visto por última vez Precio de reemplazo Tipo de ítem Koha
        Colección de folletos Biblioteca del Ateneo de Madrid Biblioteca del Ateneo de Madrid Depósito folletos 17/01/2008   T-427-F-16 1170863 23/02/2023 23/02/2023 Folleto